[Event "Superettan(Manhem II-Rockaden,Sthlm II)"]
[Site "?"]
[Date "2010.03.12"]
[Round "7"]
[White "von Bromssen, Goran"]
[Black "Todorovic, Zoran"]
[Result "1-0"]
[WhiteElo "2061"]
[BlackElo "2072"]
[PlyCount "103"]

1. d4 Nf6 2. c4 e6 3. g3 d5 4. Bg2 c6 5. Nf3 Bb4+ 6. Bd2 Bxd2+ 7. Nbxd2 O-O 8.
O-O b6 9. Ne5 Bb7 10. Rc1 Nbd7 11. Ndf3 Rc8 12. Qa4 a6 13. Rfd1 h6 14. h3 Ne4
15. Qb3 b5 16. c5 f5 17. Nxd7 Qxd7 18. Ne5 Qd8 19. Bxe4 fxe4 20. Qe3 Rf5 21.
Rf1 Qc7 22. f3 exf3 23. Rxf3 Rxf3 24. Qxf3 Rf8 25. Qg4 Rf5 26. Rf1 Rxf1+ 27.
Kxf1 Qe7 28. b4 Qf6+ 29. Kg2 Qf5 30. Qf3 g5 31. g4 Qf8 32. Kg3 Kg7 33. h4 Qe8
34. hxg5 hxg5 35. Qe3 Qe7 36. Nf3 Kg6 37. Qe5 Qf6 38. Qb8 Qg7 39. Qe8+ Kf6 40.
Qd8+ Qe7 41. Qxe7+ Kxe7 42. Nxg5 Bc8 43. Kf4 Kf6 44. Nf3 Bd7 45. Ne5 Be8 46.
g5+ Ke7 47. Kg4 Kf8 48. g6 Kg8 49. Kg5 Kg7 50. e3 Kg8 51. Kf6 Kf8 52. Ng4 1-0

[Event "Superettan(Manhem II-Rockaden,Sthlm II)"]
[Site "?"]
[Date "2010.03.12"]
[Round "7"]
[White "Nizov, Anton"]
[Black "Eriksson, Mats"]
[Result "0-1"]
[WhiteElo "2071"]
[BlackElo "2043"]
[PlyCount "90"]

1. d4 d5 2. c4 c6 3. Nf3 Nf6 4. Nc3 e6 5. e3 Nbd7 6. Qc2 Bd6 7. Be2 O-O 8. O-O
e5 9. cxd5 Nxd5 10. e4 Nb4 11. Qd1 exd4 12. Nxd4 Be5 13. Be3 Nf6 14. f4 Ng4 15.
Bxg4 Bxg4 16. Nf3 Bc7 17. a3 Bb6 18. Bxb6 Qxb6+ 19. Qd4 Nd3 20. Qxb6 axb6 21.
Nd2 Rad8 22. Nc4 b5 23. Ne3 Be6 24. Rab1 Bb3 25. Rf3 f6 26. Ncd1 Rfe8 27. Nc3
Nc5 28. Nf5 Bc2 29. Re1 Nxe4 30. Rfe3 Nd6 31. Nd4 Bg6 32. Rxe8+ Nxe8 33. Ne6
Rd2 34. Re2 Rxe2 35. Nxe2 Nd6 36. b3 Be4 37. N2d4 Kf7 38. Kf2 Bd5 39. Nc5 b6
40. Nd7 Nc8 41. Nb8 c5 42. Nxb5 Bxb3 43. Ke3 Ke7 44. Ke4 Nd6+ 45. Nxd6 Kxd6 0-1

[Event "Superettan(Manhem II-Rockaden,Sthlm II)"]
[Site "?"]
[Date "2010.03.12"]
[Round "7"]
[White "Pettersson, Anders"]
[Black "Olund, Joar"]
[Result "0-1"]
[WhiteElo "2082"]
[BlackElo "2062"]
[PlyCount "72"]

1. d4 g6 2. c4 Bg7 3. Nc3 d6 4. e4 e5 5. Nge2 Nc6 6. d5 Nce7 7. Ng3 f5 8. exf5
Nxf5 9. Nxf5 Bxf5 10. g4 Bd7 11. Be2 Qh4 12. Ne4 h6 13. h3 Nf6 14. Ng3 O-O 15.
Be3 c6 16. Qd3 Kh7 17. O-O-O b5 18. Qd2 bxc4 19. Bf3 c3 20. bxc3 cxd5 21. Bxd5
Nxd5 22. Qxd5 Rac8 23. Qxd6 Rxc3+ 24. Kd2 Rc6 25. Qd3 Be6 26. Ke1 Rfc8 27. Ne4
Bxg4 28. hxg4 Qxh1+ 29. Ke2 Qg2 30. Ng3 Qh3 31. Qe4 Rc4 32. Qb7 Qxg4+ 33. Ke1
R8c7 34. Qd5 e4 35. Ne2 Rc2 36. Nf4 Qg1# 0-1

[Event "Superettan(Horndal-En Passant)"]
[Site "?"]
[Date "2010.03.12"]
[Round "7"]
[White "Unmack, Christian"]
[Black "Olsson, Krister"]
[Result "0-1"]
[WhiteElo "2212"]
[BlackElo "2329"]
[PlyCount "58"]

1. d4 Nf6 2. c4 c5 3. d5 b5 4. cxb5 a6 5. f3 e6 6. e4 c4 7. Be3 axb5 8. Qd4
exd5 9. exd5 Bb4+ 10. Kf2 d6 11. Nc3 Bc5 12. Qd2 Qb6 13. Bxc5 Qxc5+ 14. Qe3+
Qxe3+ 15. Kxe3 Bd7 16. Kd4 O-O 17. Re1 Na6 18. g3 Nb4 19. Rc1 Nxa2 20. Nxa2
Rxa2 21. Rc2 Ra1 22. Ne2 Rd1+ 23. Ke3 Nxd5+ 24. Kf2 Nb4 25. Rc3 Nd3+ 26. Kg2 d5
27. Ra3 b4 28. Ra7 Be6 29. Rb7 Rd2 0-1

[Event "Superettan(Horndal-En Passant)"]
[Site "?"]
[Date "2010.03.12"]
[Round "7"]
[White "Vaarala, Eric"]
[Black "Carlsson, Christofer"]
[Result "1-0"]
[WhiteElo "2224"]
[BlackElo "2145"]
[PlyCount "75"]
[EventDate "2010.??.??"]

1. e4 e6 2. d4 d5 3. Nc3 Bb4 4. e5 c5 5. a3 Bxc3+ 6. bxc3 Qc7 7. Nf3 Ne7 8.
Bb5+ Bd7 9. Bxd7+ Nxd7 10. O-O Rc8 11. Ra2 Nb6 12. Qe2 Nc4 13. Nd2 cxd4 14.
cxd4 Nxd2 15. Qxd2 Qc3 16. Qxc3 Rxc3 17. Bd2 Rc4 18. c3 Nc6 19. f4 g6 20. Rb1
b6 21. a4 Kd7 22. Kf2 Na5 23. Ke2 Rhc8 24. g4 h5 25. gxh5 Rh8 26. hxg6 Rxh2+
27. Kd3 fxg6 28. Raa1 Rc8 29. Rh1 Rch8 30. Rxh2 Rxh2 31. Rg1 Nc4 32. Bc1 Ra2
33. Rxg6 Rxa4 34. f5 Ra1 35. fxe6+ Ke8 36. Bg5 Rf1 37. e7 Rf3+ 38. Ke2 1-0

[Event "Superettan(Horndal-En Passant)"]
[Site "?"]
[Date "2010.03.12"]
[Round "7"]
[White "Johansson, Roland"]
[Black "Becker, Johnny"]
[Result "0-1"]
[WhiteElo "1956"]
[BlackElo "2114"]
[PlyCount "104"]
[EventDate "2010.??.??"]
[SourceDate "2010.03.19"]

1. e4 g6 2. d4 Nf6 3. Nc3 d5 4. e5 Nh5 5. Be2 Nc6 6. Bxh5 gxh5 7. Bg5 Bg4 8.
Qd3 Qd7 9. Nge2 O-O-O 10. a3 Bg7 11. O-O-O Bxe2 12. Nxe2 Qg4 13. Qe3 f6 14. Bf4
fxe5 15. dxe5 Rhf8 16. Rhe1 d4 17. Qg3 e6 18. Bg5 Rd7 19. Nf4 h6 20. Bf6 Bxf6
21. exf6 Rxf6 22. Nxe6 Qxg3 23. fxg3 b6 24. Nf4 h4 25. Nh5 Rf5 26. g4 Rf2 27.
Rd2 Rf8 28. Rde2 Kb7 29. Kd2 a5 30. Re6 Rf2+ 31. R1e2 Rxe2+ 32. Rxe2 Rd6 33.
Ng7 Rg6 34. Nf5 Rxg4 35. Nxh6 Rf4 36. Ke1 b5 37. g4 hxg3 38. hxg3 Rf6 39. Ng4
Rg6 40. Re4 Kb6 41. Kf2 Kc5 42. Kf3 a4 43. Nf2 Kd5 44. Nd3 Rxg3+ 45. Kxg3 Kxe4
46. Kf2 Ne5 47. Nc5+ Kd5 48. Na6 c5 49. b3 d3 50. c4+ bxc4 51. bxa4 c3 52. Ke3
Kc4 0-1

[Event "Superettan(Horndal-En Passant)"]
[Site "?"]
[Date "2010.03.12"]
[Round "7"]
[White "Eriksson, Magnus"]
[Black "Karlsson, Magnus"]
[Result "1-0"]
[WhiteElo "2122"]
[BlackElo "1898"]
[PlyCount "93"]
[SourceDate "2010.03.19"]

1. d4 Nf6 2. c4 e6 3. Nc3 Bb4 4. Nf3 c5 5. e3 cxd4 6. exd4 d5 7. cxd5 Nxd5 8.
Bd2 Nc6 9. Bb5 O-O 10. O-O Nce7 11. Rc1 h6 12. Qe2 Nf6 13. Rfd1 Ned5 14. Ne5
Bd6 15. Bd3 Qb6 16. Nc4 Qd8 17. Ne5 Bb8 18. Ne4 Nxe4 19. Bxe4 Qd6 20. Bb1 f6
21. Nf3 e5 22. Qd3 e4 23. Qxe4 f5 24. Qd3 g5 25. Ne5 Nf6 26. Qb3+ Be6 27. Qxb7
Bd5 28. Qb4 Qe6 29. Bd3 Bd6 30. Qa4 Ng4 31. Re1 Bxe5 32. dxe5 f4 33. h3 Nxf2
34. Kxf2 f3 35. g4 Qb6+ 36. Re3 Qxb2 37. Rc2 Qb7 38. Be4 Rac8 39. Rxc8 Rxc8 40.
Qd4 Bxe4 41. Rxe4 Rc2 42. Kxf3 Qf7+ 43. Ke2 Rxa2 44. e6 Qc7 45. Qe5 Qe7 46. Rc4
Ra6 47. Rc8+ 1-0

[Event "Superettan(Horndal-En Passant)"]
[Site "?"]
[Date "2010.03.12"]
[Round "7"]
[White "Klasen, Gunnar"]
[Black "Wiker, Bo"]
[Result "0-1"]
[WhiteElo "1850"]
[BlackElo "2047"]
[PlyCount "62"]

1. e4 d6 2. d4 Nf6 3. Nc3 g6 4. Bg5 Bg7 5. e5 Nfd7 6. f4 Nb6 7. a4 a5 8. h3 Na6
9. Ne4 O-O 10. Nf3 Nb4 11. c3 N4d5 12. Qd2 f6 13. Bh4 Bh6 14. g3 Bf5 15. Nf2
Kh8 16. Bg2 Nc4 17. Qc1 Nce3 18. Rg1 Nc2+ 19. Ke2 Nxa1 20. Qxa1 c6 21. Ng4 Bg7
22. Nf2 dxe5 23. fxe5 Qb6 24. g4 Bc2 25. Ne1 Bb3 26. Bxd5 cxd5 27. Ned3 Bc4 28.
Qa3 fxe5 29. dxe5 Rxf2+ 30. Bxf2 Bxd3+ 31. Kxd3 Qxf2 0-1

[Event "Superettan(Horndal-En Passant)"]
[Site "?"]
[Date "2010.03.12"]
[Round "7"]
[White "Kallstrom, Magnus"]
[Black "Johansson, Sven"]
[Result "1-0"]
[WhiteElo "1823"]
[BlackElo "1556"]
[PlyCount "93"]

1. e4 e6 2. d4 d5 3. Nd2 c5 4. Ngf3 Nc6 5. exd5 Nxd4 6. Nxd4 cxd4 7. Bb5+ Bd7
8. Qe2 Bxb5 9. Qxb5+ Qd7 10. Qxd7+ Kxd7 11. Nf3 Bc5 12. dxe6+ fxe6 13. O-O Ne7
14. Re1 Ng6 15. Re4 Kd6 16. Bd2 e5 17. Rae1 Rae8 18. c3 d3 19. b4 Bb6 20. c4
Bc7 21. Bc3 Re7 22. Rd1 Nf4 23. Bxe5+ Kd7 24. Rd4+ Kc8 25. Bxf4 Bxf4 26. Rxf4
Rd8 27. Rd4 Rxd4 28. Nxd4 d2 29. Nf3 Re4 30. Nxd2 Rd4 31. Kf1 Rd7 32. f3 Rd6
33. Ke2 Re6+ 34. Ne4 Rh6 35. Nd6+ Kc7 36. Nb5+ Kb6 37. Rd7 Re6+ 38. Kd3 Rg6 39.
Rd6+ Rxd6+ 40. Nxd6 Kc6 41. Ne4 b5 42. cxb5+ Kxb5 43. a3 Ka4 44. Kc3 Kxa3 45.
f4 g6 46. g4 Ka4 47. Kc4 1-0

[Event "Superettan(Rodeby-Orebro)"]
[Site "?"]
[Date "2010.03.12"]
[Round "7"]
[White "Gruvaeus, Curt"]
[Black "Greiff, Hakan"]
[Result "1-0"]
[WhiteElo "2352"]
[BlackElo "2304"]
[PlyCount "95"]

1. d4 d5 2. Nf3 e6 3. g3 Nf6 4. Bg2 Be7 5. O-O O-O 6. c4 dxc4 7. Qa4 a6 8. Qxc4
b5 9. Qc2 Bb7 10. Bf4 Nc6 11. Nc3 Nb4 12. Qc1 Nbd5 13. Ne5 Nxc3 14. Qxc3 Bxg2
15. Kxg2 Nd5 16. Qf3 Nxf4+ 17. Qxf4 Bd6 18. Rfd1 f6 19. Nc6 Bxf4 20. Nxd8 Rfxd8
21. gxf4 Kf7 22. Rac1 Ra7 23. Rc5 Rd5 24. e4 Rd6 25. Kf3 Ke8 26. Ke3 Rb7 27.
Rdc1 Kd8 28. h4 Rd7 29. Rc6 Rd6 30. Rxd6+ cxd6 31. Rc6 a5 32. Rxd6+ Ke7 33. Ra6
a4 34. d5 exd5 35. exd5 Kd7 36. Rc6 Rb8 37. Kd4 Re8 38. Rb6 Re2 39. Rxb5 a3 40.
bxa3 Rxf2 41. h5 g5 42. Rb7+ Kd6 43. Rb6+ Ke7 44. fxg5 fxg5 45. Rh6 g4 46.
Rxh7+ Kf8 47. h6 g3 48. Rg7 1-0

[Event "Superettan(Rodeby-Orebro)"]
[Site "?"]
[Date "2010.03.12"]
[Round "7"]
[White "Wahlbom, Magnus"]
[Black "Fransson, Peter"]
[Result "1/2-1/2"]
[WhiteElo "2258"]
[BlackElo "2342"]
[PlyCount "43"]

1. d4 Nf6 2. c4 g6 3. Nc3 Bg7 4. e4 d6 5. Nf3 O-O 6. Be2 e5 7. O-O Nc6 8. d5
Ne7 9. b4 Nh5 10. Re1 h6 11. Nd2 Nf4 12. Bf1 f5 13. g3 Nh5 14. c5 Nf6 15. cxd6
cxd6 16. Bb2 fxe4 17. Ndxe4 Qb6 18. Nxf6+ Bxf6 19. Ne4 Bg7 20. Qd2 Bf5 21. Rac1
Kh7 22. Bg2 1/2-1/2

[Event "Superettan(Rodeby-Orebro)"]
[Site "?"]
[Date "2010.03.12"]
[Round "7"]
[White "Nygren, Kim"]
[Black "Ostling, Hakan"]
[Result "1-0"]
[WhiteElo "2337"]
[BlackElo "2167"]
[PlyCount "63"]

1. e4 g6 2. d4 Bg7 3. Nc3 d6 4. Bc4 Nf6 5. Bb3 O-O 6. Bg5 Nc6 7. f4 Na5 8. Qe2
c6 9. Nf3 Bg4 10. O-O Nh5 11. Qe3 Nxb3 12. axb3 Bxf3 13. Rxf3 Qb6 14. Rd1 Nf6
15. Bxf6 Bxf6 16. e5 Bg7 17. Ne4 dxe5 18. fxe5 Rad8 19. Nc5 e6 20. Rd3 Qc7 21.
Ne4 Rfe8 22. Rh3 Qe7 23. Qf4 Rd5 24. c4 Rd7 25. Nf6+ Bxf6 26. exf6 Qb4 27. Rd2
Qf8 28. Rdd3 Qb4 29. Kf2 Qa5 30. Rxh7 Kxh7 31. Rh3+ Kg8 32. Rh8+ 1-0

[Event "Superettan(Rodeby-Orebro)"]
[Site "?"]
[Date "2010.03.12"]
[Round "7"]
[White "Laksman, Efraim"]
[Black "Lind, Jan-Olov"]
[Result "0-1"]
[WhiteElo "2242"]
[BlackElo "2243"]
[PlyCount "66"]

1. c4 Nf6 2. Nc3 g6 3. e4 d6 4. d4 Bg7 5. Nf3 O-O 6. Be2 Nbd7 7. O-O e5 8. Be3
h6 9. dxe5 dxe5 10. Qc1 Ng4 11. Rd1 c6 12. Bc5 Re8 13. h3 Ngf6 14. b4 Nh5 15.
g3 Qf6 16. Be3 Kh7 17. Nh2 Qe7 18. c5 Nf8 19. Kg2 Ne6 20. Ng4 Nd4 21. Nxh6 Nf4+
22. gxf4 Bxh6 23. Bg4 Qh4 24. f5 gxf5 25. exf5 Bxe3 26. fxe3 Nxf5 27. Qc2 Qg3+
28. Kh1 Kh8 29. Rg1 Nxe3 30. Qd2 Qf4 31. Rae1 Bxg4 32. hxg4 Qf3+ 33. Kh2 Kg7
0-1

[Event "Superettan(Rodeby-Orebro)"]
[Site "?"]
[Date "2010.03.12"]
[Round "7"]
[White "Drugge, Patrick"]
[Black "Bernhardsson, Sten"]
[Result "1-0"]
[WhiteElo "2331"]
[BlackElo "2049"]
[PlyCount "77"]

1. e4 c5 2. Nc3 e6 3. g3 d5 4. exd5 exd5 5. d4 Nf6 6. Bg2 cxd4 7. Qxd4 Nc6 8.
Qa4 Bc5 9. Nge2 O-O 10. O-O h6 11. Qb5 Qe7 12. Na4 Nd4 13. Nxd4 Bxd4 14. Qd3
Qb4 15. c3 Qxa4 16. b3 Qc6 17. Qxd4 Bf5 18. c4 Be4 19. f3 Bg6 20. Ba3 Rfe8 21.
c5 Re2 22. Rf2 Rae8 23. Rxe2 Rxe2 24. Bf1 Re8 25. b4 Qa4 26. Bb2 a5 27. b5 Qc2
28. Rc1 Qf5 29. Kg2 Rc8 30. c6 bxc6 31. bxc6 Qe6 32. c7 Qd7 33. Qe5 Re8 34.
Qxe8+ Nxe8 35. c8=Q Qa4 36. Qc6 Qxa2 37. Qxe8+ Kh7 38. Qe5 f6 39. Qc3 1-0

[Event "Superettan(Rodeby-Orebro)"]
[Site "?"]
[Date "2010.03.12"]
[Round "7"]
[White "Eriksson, Bengt"]
[Black "Zetterberg, Staffan"]
[Result "0-1"]
[WhiteElo "2066"]
[BlackElo "2326"]
[PlyCount "52"]

1. d4 Nf6 2. Bg5 c5 3. d5 Ne4 4. h4 Qb6 5. Nd2 Nxd2 6. Bxd2 e5 7. Bc3 d6 8. e4
Be7 9. Bd3 O-O 10. Qe2 Na6 11. g4 Bd7 12. a3 Rac8 13. f4 c4 14. Bxc4 Rxc4 15.
Qxc4 Bb5 16. Qb3 Qe3+ 17. Kd1 Qxe4 18. Qxb5 Qxh1 19. Kd2 Nc5 20. Rd1 exf4 21.
Kc1 Qxh4 22. Nf3 Qf2 23. Rf1 Qg2 24. Bd4 a6 25. Qc4 b5 26. Rf2 Qxf2 0-1

[Event "Superettan(Rodeby-Orebro)"]
[Site "?"]
[Date "2010.03.12"]
[Round "7"]
[White "Blomstrom, Lars"]
[Black "Karlsson, Robert"]
[Result "1/2-1/2"]
[WhiteElo "2147"]
[BlackElo "2010"]
[PlyCount "62"]

1. e4 c6 2. d4 d5 3. Nc3 dxe4 4. Nxe4 Bf5 5. Ng3 Bg6 6. h4 h6 7. Nf3 Nd7 8. h5
Bh7 9. Bd3 Bxd3 10. Qxd3 Qc7 11. Bd2 e6 12. O-O-O Ngf6 13. Kb1 O-O-O 14. Ne4
Nxe4 15. Qxe4 Bd6 16. c4 Nf6 17. Qe2 c5 18. Bc3 cxd4 19. Bxd4 Bc5 20. Bxc5 Qxc5
21. Ne5 Nd7 22. Nxd7 Rxd7 23. Rxd7 Kxd7 24. Rd1+ Ke7 25. Qd2 Qxh5 26. Qd6+ Kf6
27. Rd3 Qf5 28. Qd4+ Ke7 29. g4 Qg6 30. Ka1 Ra8 31. Qd6+ Ke8 1/2-1/2

[Event "Superettan(Rodeby-Orebro)"]
[Site "?"]
[Date "2010.03.12"]
[Round "7"]
[White "Dolgov, Mikhail"]
[Black "Larsson, Patrik"]
[Result "1/2-1/2"]
[WhiteElo "1998"]
[BlackElo "2040"]
[PlyCount "46"]

1. e4 d6 2. d4 Nf6 3. Nc3 c6 4. f3 e5 5. dxe5 dxe5 6. Qxd8+ Kxd8 7. Bc4 Be6 8.
Bxe6 fxe6 9. Nh3 Bd6 10. Be3 Nbd7 11. O-O-O Ke7 12. Nf2 h6 13. Rd3 Bc5 14. Rhd1
Bxe3+ 15. Rxe3 g5 16. Na4 Rhg8 17. Red3 h5 18. h3 Rad8 19. b4 g4 20. hxg4 hxg4
21. fxg4 b6 22. Rh1 Rg7 23. Nb2 Rdg8 1/2-1/2

[Event "Superettan(Solna-Mark)"]
[Site "?"]
[Date "2010.03.12"]
[Round "7"]
[White "Mohammadi, Amir"]
[Black "Lindberg, Bengt"]
[Result "0-1"]
[WhiteElo "2331"]
[BlackElo "2448"]
[PlyCount "84"]

1. e4 c5 2. Nc3 Nc6 3. g3 g6 4. Bg2 Bg7 5. d3 d6 6. Be3 Rb8 7. Qd2 b5 8. Nge2
b4 9. Nd1 Nd4 10. O-O e6 11. a3 b3 12. c3 Nc2 13. Rc1 Nxe3 14. Nxe3 Ne7 15. d4
Ba6 16. Rfd1 O-O 17. Nf4 Qa5 18. dxc5 dxc5 19. Qd6 Rfe8 20. Nd3 Rbc8 21. Qf4 c4
22. Nb4 Bb5 23. Bf1 Qa4 24. Rd6 Rc5 25. Ng4 Nc8 26. Rdd1 Qa5 27. a4 Bxa4 28. e5
Bb5 29. Nf6+ Bxf6 30. exf6 Rf5 31. Qh4 Qb6 32. Rd4 Rh5 33. Qe4 Nd6 34. Rxd6
Qxd6 35. Bxc4 Qe5 36. Qxe5 Rxe5 37. Bxb3 Rc8 38. c4 Re2 39. Nd3 Bc6 40. Rc2
Rxc2 41. Bxc2 Be4 42. b3 Rb8 0-1

[Event "Superettan(Solna-Mark)"]
[Site "?"]
[Date "2010.03.12"]
[Round "7"]
[White "Jonsson, Mikael"]
[Black "Sixtensson, Mikael"]
[Result "1-0"]
[WhiteElo "2317"]
[BlackElo "2271"]
[PlyCount "97"]

1. d4 g6 2. e4 Bg7 3. Nc3 c5 4. dxc5 Qa5 5. Nge2 Nf6 6. f3 Qxc5 7. Qd3 Nc6 8.
Be3 Qa5 9. Qb5 Qxb5 10. Nxb5 O-O 11. O-O-O d6 12. Nf4 Bd7 13. Kb1 Rfc8 14. Nc3
Kf8 15. Ncd5 Ne8 16. Bc1 Ne5 17. Nd3 Nc7 18. Nxe5 Bxe5 19. g4 Nxd5 20. exd5 Bg7
21. Be3 b5 22. Bd3 a5 23. h4 f6 24. Rde1 Kf7 25. h5 Rab8 26. Bd2 b4 27. hxg6+
hxg6 28. Rh7 Rh8 29. Reh1 e6 30. c3 b3 31. axb3 exd5 32. Bf4 Rxh7 33. Rxh7 g5
34. Bxd6 Rxb3 35. Bc5 Rb8 36. Bd4 a4 37. f4 gxf4 38. g5 Rh8 39. Rxg7+ Kxg7 40.
Bxf6+ Kg8 41. Bxh8 Kxh8 42. Kc2 Kg7 43. Kd2 Kf7 44. Ke2 Bg4+ 45. Kf2 Bd1 46.
Bf5 Ke7 47. Ke1 Bb3 48. Ke2 Kd6 49. Bd3 1-0

[Event "Superettan(Solna-Mark)"]
[Site "?"]
[Date "2010.03.12"]
[Round "7"]
[White "Svensson, Leif"]
[Black "Bergstrom, Christer"]
[Result "1/2-1/2"]
[WhiteElo "2236"]
[BlackElo "2372"]
[PlyCount "37"]

1. d4 Nf6 2. Nc3 d5 3. Bg5 Nbd7 4. Qd3 e6 5. e4 dxe4 6. Nxe4 Be7 7. Nxf6+ Bxf6
8. Bxf6 Qxf6 9. O-O-O O-O 10. Qe3 b6 11. Bb5 Rd8 12. Bc6 Rb8 13. Nf3 Bb7 14.
Ne5 Nxe5 15. dxe5 Qe7 16. Bxb7 Rxb7 17. Rxd8+ Qxd8 18. Rd1 Qe7 19. f4 1/2-1/2

[Event "Superettan(Solna-Mark)"]
[Site "?"]
[Date "2010.03.12"]
[Round "7"]
[White "Johansson, Gunnar"]
[Black "Svensson, Sven"]
[Result "1/2-1/2"]
[WhiteElo "2284"]
[BlackElo "2296"]
[PlyCount "53"]

1. d4 Nf6 2. Nf3 e6 3. e3 c5 4. c4 cxd4 5. exd4 Bb4+ 6. Nc3 Ne4 7. Qc2 Qa5 8.
Qxe4 Bxc3+ 9. Nd2 Bb4 10. Bd3 d5 11. cxd5 Qxd5 12. O-O Qxe4 13. Bxe4 Nc6 14.
Nb3 Bd7 15. Be3 Ke7 16. d5 exd5 17. Bxd5 Be6 18. Bxe6 Kxe6 19. a3 Bd6 20. Rfe1
Kf6 21. Nd4 Nxd4 22. Bxd4+ Kg6 23. g3 Rhd8 24. Red1 b6 25. Rac1 f6 26. Kg2 Rd7
27. Bc3 1/2-1/2

[Event "Superettan(Solna-Mark)"]
[Site "?"]
[Date "2010.03.12"]
[Round "7"]
[White "Voigt, Lennart"]
[Black "Karlsson, Tomas"]
[Result "1/2-1/2"]
[WhiteElo "2140"]
[BlackElo "2270"]
[PlyCount "34"]

1. d4 e6 2. Nf3 d5 3. e3 Nf6 4. Nbd2 Be7 5. Bd3 Nbd7 6. b3 c5 7. O-O O-O 8. Bb2
b6 9. Ne5 Nxe5 10. dxe5 Ne8 11. f4 f5 12. exf6 Bxf6 13. Bxf6 Nxf6 14. Nf3 a5
15. Qe2 Bb7 16. Rae1 Qd6 17. Ne5 g6 1/2-1/2

[Event "Superettan(Solna-Mark)"]
[Site "?"]
[Date "2010.03.12"]
[Round "7"]
[White "Steneskog, Per"]
[Black "Oscarsson, Bo-Lennart"]
[Result "1-0"]
[WhiteElo "2219"]
[BlackElo "2177"]
[PlyCount "77"]

1. d4 f5 2. e4 fxe4 3. Nc3 Nf6 4. Bg5 g6 5. f3 d5 6. fxe4 Nxe4 7. Nxe4 dxe4 8.
Bc4 Qd6 9. Bb3 Nc6 10. c3 Bg7 11. Qe2 Bf5 12. g4 Be6 13. Qxe4 Bxb3 14. axb3 O-O
15. Ne2 Bf6 16. Be3 Bh4+ 17. Kd2 e5 18. Kc2 exd4 19. Nxd4 Rae8 20. Qd3 Ne5 21.
Qb5 Nxg4 22. Bd2 c5 23. Qc4+ Kh8 24. Nb5 Qd7 25. Qxc5 Rf2 26. Qd4+ Qxd4 27.
Nxd4 Bg5 28. Nf3 Bxd2 29. Nxd2 Ree2 30. Rad1 Ne3+ 31. Kd3 Nxd1 32. Rxd1 Rxh2
33. b4 Re8 34. Nf3 Rd8+ 35. Nd4 Rxb2 36. Rf1 Rd7 37. Kc4 Rh2 38. Ne6 Kg8 39.
Rf8# 1-0

[Event "Superettan(Solna-Mark)"]
[Site "?"]
[Date "2010.03.12"]
[Round "7"]
[White "Olofsson, Hans-Erik"]
[Black "Bjarnehag, Peter"]
[Result "0-1"]
[WhiteElo "2151"]
[BlackElo "2190"]
[PlyCount "74"]

1. e4 c5 2. Nc3 Nc6 3. g3 g6 4. Bg2 Bg7 5. d3 Rb8 6. Be3 d6 7. Qd2 b5 8. Nge2
Nd4 9. O-O e6 10. Nd1 b4 11. a3 a5 12. axb4 axb4 13. h3 e5 14. Kh2 Ne7 15. f4
O-O 16. fxe5 dxe5 17. Nxd4 cxd4 18. Bh6 Be6 19. Nf2 Qd7 20. Bxg7 Kxg7 21. c4
dxc3 22. bxc3 Nc6 23. c4 Nd4 24. Qb2 Nc6 25. Rfb1 Ra8 26. h4 Qb7 27. Nd1 Rxa1
28. Rxa1 Ra8 29. Rxa8 Qxa8 30. Ne3 Qa3 31. Qf2 b3 32. Nd5 b2 33. Qf6+ Kg8 34.
h5 b1=Q 35. h6 Qf8 36. Qg5 Qxd3 37. Nf6+ Kh8 0-1

[Event "Superettan(Solna-Mark)"]
[Site "?"]
[Date "2010.03.12"]
[Round "7"]
[White "Landgren, Andreas"]
[Black "Kleimark, Anders"]
[Result "1-0"]
[WhiteElo "2220"]
[BlackElo "1974"]
[PlyCount "135"]

1. d4 Nf6 2. c4 e6 3. Nc3 Bb4 4. Qc2 O-O 5. a3 Bxc3+ 6. Qxc3 b6 7. Nf3 Bb7 8.
e3 d6 9. Be2 Nbd7 10. O-O c5 11. Rd1 Rc8 12. b4 Qe7 13. Bb2 Ne4 14. Qb3 f5 15.
Ne1 cxd4 16. Rxd4 Ne5 17. f3 Nf6 18. Rad1 Nf7 19. R4d2 d5 20. cxd5 Nxd5 21. e4
fxe4 22. fxe4 Nf6 23. Qg3 Bc6 24. b5 Be8 25. a4 e5 26. Ba3 Rc5 27. Qe3 Nd7 28.
Bg4 Nf6 29. Bxc5 bxc5 30. Be2 h6 31. Bc4 Kh8 32. Nf3 Nd7 33. a5 Nf6 34. Qd3 Qc7
35. Bxf7 Rxf7 36. Qd8 Kh7 37. b6 axb6 38. axb6 Qb7 39. Nxe5 Re7 40. Nc4 Qxe4
41. Qd3 Bb5 42. Qxe4+ Nxe4 43. Rd7 Bxd7 44. b7 Ba4 45. b8=Q Bxd1 46. Qd8 Re6
47. Qxd1 Nf6 48. h3 Re4 49. Qc2 Kg8 50. Nd6 Re1+ 51. Kh2 Re5 52. Qc4+ Kh7 53.
Nf7 Re7 54. Qc2+ Kg8 55. Nxh6+ gxh6 56. Qg6+ Rg7 57. Qxf6 Kh7 58. Qf5+ Kg8 59.
Qxc5 Kh7 60. g4 Kg8 61. Kg3 Kh7 62. h4 Kg8 63. Qd6 Kh7 64. Qf6 Rg6 65. Qf5 Kg7
66. g5 hxg5 67. hxg5 Kh8 68. Kg4 1-0

[Event "Superettan(Horndal-Solna)"]
[Site "?"]
[Date "2010.03.13"]
[Round "8"]
[White "Lindberg, Bengt"]
[Black "Angskog, Kent"]
[Result "1/2-1/2"]
[WhiteElo "2448"]
[BlackElo "2202"]
[PlyCount "108"]
[SourceDate "2010.03.19"]

1. e4 g6 2. d4 Bg7 3. Nc3 d6 4. f4 a6 5. a4 b6 6. Nf3 e6 7. Bd3 Ne7 8. O-O O-O
9. Ne2 c5 10. c3 Nbc6 11. Be3 Bd7 12. Kh1 cxd4 13. Nexd4 e5 14. Nc2 exf4 15.
Bxf4 Ne5 16. Ne3 Bc6 17. Bc2 Qc7 18. Nd4 Bb7 19. Qe2 Rae8 20. Rad1 Qb8 21. Ng4
h5 22. Nf2 Qa8 23. c4 Qc8 24. b3 N7c6 25. Nxc6 Qxc6 26. Qd2 Re6 27. Nh3 Ng4 28.
Ng5 Rf6 29. h3 Ne5 30. Nf3 Nxf3 31. gxf3 Bc8 32. h4 Re6 33. Qg2 Be5 34. Bg5 Bb7
35. Bd3 Bg7 36. Be3 Kh8 37. Qg1 Qd7 38. Bxb6 Qe7 39. Qf2 Bf6 40. Bd4 Re5 41.
Qh2 Kh7 42. Bf2 a5 43. Bg3 Re8 44. c5 d5 45. Bb5 Qxc5 46. Bxe8 Rxe8 47. e5 Bd8
48. Qf2 Qc8 49. Kh2 Qf5 50. Qd4 Bc8 51. Qf4 Qh3+ 52. Kg1 Be6 53. Kf2 Bb6+ 54.
Ke1 Be3 1/2-1/2

[Event "Superettan(Horndal-Solna)"]
[Site "?"]
[Date "2010.03.13"]
[Round "8"]
[White "Olsson, Krister"]
[Black "Jonsson, Mikael"]
[Result "1/2-1/2"]
[WhiteElo "2329"]
[BlackElo "2317"]
[PlyCount "119"]
[EventDate "2010.??.??"]

1. d4 d5 2. c4 c6 3. Nc3 Nf6 4. cxd5 cxd5 5. Bf4 Nc6 6. e3 a6 7. Bd3 e6 8. Rc1
Be7 9. Nf3 O-O 10. O-O Bd7 11. Ne5 Nxe5 12. dxe5 Ne8 13. Qb3 Bc6 14. Ne2 Bb5
15. Bxb5 axb5 16. Qxb5 Nc7 17. Qxb7 Na6 18. Nd4 Nc5 19. Qb5 Ra5 20. Qe2 Rxa2
21. Bg5 Bxg5 22. Rxc5 Qb6 23. Rb5 Qa6 24. Rc1 Ra8 25. Rbc5 Qxe2 26. Rc8+ Bd8
27. Nxe2 Kf8 28. f4 Ke8 29. Rxa8 Rxa8 30. Kf2 Rb8 31. Rc2 Rb4 32. Nd4 Bb6 33.
Rd2 Kd7 34. Ke2 f6 35. exf6 gxf6 36. f5 exf5 37. Nxf5 Ke6 38. Nd4+ Bxd4 39.
exd4 Kf5 40. Kd3 Rb3+ 41. Kc2 Rb6 42. Re2 Rb4 43. Kc3 Rc4+ 44. Kd3 Rb4 45. Rf2+
Kg5 46. h4+ Kxh4 47. Rxf6 Rxb2 48. Rh6+ Kg3 49. Rxh7 Kxg2 50. Rd7 Rb3+ 51. Ke2
Kg3 52. Rxd5 Kf4 53. Re5 Ra3 54. Kd2 Rb3 55. Kc2 Ra3 56. Re1 Kf5 57. d5 Kf6 58.
d6 Ra8 59. Kc3 Rd8 60. Rd1 1/2-1/2

[Event "Superettan(Horndal-Solna)"]
[Site "?"]
[Date "2010.03.13"]
[Round "8"]
[White "Bergstrom, Christer"]
[Black "Bengts, Torleif"]
[Result "1-0"]
[WhiteElo "2372"]
[BlackElo "2174"]
[PlyCount "45"]

1. Nf3 d6 2. d4 c5 3. dxc5 Qa5+ 4. Nc3 Qxc5 5. e4 Nf6 6. Be3 Qb4 7. a3 Qa5 8.
b4 Qd8 9. Bc4 e6 10. e5 Ng4 11. Bg5 Qb6 12. Qe2 Nxe5 13. Nxe5 dxe5 14. Rd1 Nd7
15. O-O a6 16. Rd3 h6 17. Bh4 g5 18. Bg3 Bg7 19. Ne4 Qc7 20. Nd6+ Ke7 21. Rfd1
Nb6 22. Bxe5 Bxe5 23. Qxe5 1-0

[Event "Superettan(Horndal-Solna)"]
[Site "?"]
[Date "2010.03.13"]
[Round "8"]
[White "Johansson, Gunnar"]
[Black "Becker, Johnny"]
[Result "1-0"]
[WhiteElo "2284"]
[BlackElo "2114"]
[PlyCount "87"]

1. d4 g6 2. e4 Nf6 3. Nc3 d5 4. e5 Nh5 5. Be2 Nc6 6. f4 Ng7 7. Be3 h5 8. Bf3 e6
9. Bf2 b6 10. Be2 Bb7 11. Nf3 Be7 12. O-O Nf5 13. Nb1 Qd7 14. c3 a5 15. Nbd2
Kf8 16. g3 Kg7 17. h3 a4 18. Bb5 Ba6 19. Bxa6 Rxa6 20. Qe2 Raa8 21. Kg2 Kf8 22.
g4 Ng7 23. Rac1 a3 24. b3 Qc8 25. b4 Qd7 26. Rb1 Ra4 27. Rb3 Na7 28. b5 Ra5 29.
Rfb1 Kg8 30. c4 dxc4 31. Nxc4 Ra4 32. Ncd2 hxg4 33. hxg4 Qd5 34. Ne4 Qd8 35.
Rd1 f5 36. exf6 Bxf6 37. Neg5 Bxg5 38. Nxg5 Qd5+ 39. Nf3 Ne8 40. Qe5 Nd6 41.
Qf6 Naxb5 42. Re1 Rh7 43. Re5 Qxb3 44. axb3 1-0